00331nam a22000977a 4500008004100000082001500041100004300056245006800099260005800167300000800225230621b xxu||||| |||| 00| 0 eng d a328.4bCPA cCommonwealth Parliamentary Association aSummary of proceedings at the forty-First Parliamentary seminar aEnglandbCommonwealth Parliamentary Associationc1992 a22p